000 00369 a2200109 4500
001 ART_14766
005 20260410161913.0
008 260409a
245 1 0 _aOn the theoretical specification of industrial structure-performance relationships
100 1 _aCowling, Keith
773 0 _tEuropean economic review
_g- Vol. 8, NÂș 1 (jun. 1976)
_wREV13346
999 _c27022
_d27022